| 000 | 01645nam a2200301Ia 4500 | ||
|---|---|---|---|
| 999 |
_c54154 _d54154 |
||
| 001 | 21210 | ||
| 003 | GE_BSU | ||
| 005 | 20210803151219.0 | ||
| 008 | 181216s ||||ge |||||||||||||| ||geo|| | ||
| 020 | _a9789941131868 | ||
| 040 | _cGE_BSU | ||
| 041 | _ageo | ||
| 080 | _a330.101.541 ბ–74 | ||
| 100 |
_aბლანშერი, ოლივიე _912368 |
||
| 245 |
_aმაკროეკონომიკა / _cოლივიე ბლანშერი ; სამეც. რედ. იური ანანიაშვილი ; მთარგმნ. : ნოდარ ხადური, მალხაზ ჩიქობავა, ნაზირა კაკულია. |
||
| 250 | _aმე-5 გამოცემა | ||
| 264 |
_aთბილისი : _bთბილისის უნივერსიტეტის გამ-ბა, _c2010. |
||
| 300 |
_a874 გვ. ; _c25 სმ. |
||
| 500 | _aდანართი ; ლექსიკონი ; საძიებელი ; გამოყენებული სიმბოლოები | ||
| 541 | _h59ლ.50თ | ||
| 653 | _aეკონომიკა | ||
| 653 | _aმაკროეკონომიკა | ||
| 700 |
_a ნანიაშვილი, იური _eსამეცნიერო რედაქტორი _912369 |
||
| 700 |
_aხადური, ნოდარ _eმთარგმნელი _92166 |
||
| 700 |
_aჩიქობავა, მალხაზ _eმთარგმნელი _95051 |
||
| 700 |
_aკაკულია, ნაზირა _eმთარგმნელი _95052 |
||
| 942 |
_cBK _2udc |
||